Der Münzenfund von Átokháza (Auszug)

Elmentve itt :
Bibliográfiai részletek
Szerző: Dr. Banner János
Dokumentumtípus: Cikk
Megjelent: 1926
Sorozat:Dolgozatok a Magyar Királyi Ferencz József Tudományegyetem Archaeologiai Intézetéből 2
Kulcsszavak:dénár, tallér, korona
Online Access:http://acta.bibl.u-szeged.hu/44
LEADER 00635nab a2200169 i 4500
001 acta44
005 20210616155621.0
008 161015s1926 hu o 0|| ger d
040 |a SZTE Egyetemi Kiadványok Repozitórium  |b hun 
041 |a ger 
100 2 |a Dr. Banner János 
245 1 4 |a Der Münzenfund von Átokháza (Auszug)  |h [elektronikus dokumentum] /  |c  Dr. Banner János 
260 |c 1926 
300 |a 172 
490 0 |a Dolgozatok a Magyar Királyi Ferencz József Tudományegyetem Archaeologiai Intézetéből  |v 2 
695 |a dénár, tallér, korona 
856 4 0 |u http://acta.bibl.u-szeged.hu/44/1/dolgozatok_1926_172.pdf  |z Dokumentum-elérés